[Event "ISR-ch Open 2018"]
[Site "Ma'alot-Tarshih"]
[Date "2018.12.13"]
[Round "2"]
[White "Dvoirys, Semen I."]
[Black "Bronstein, Or"]
[Result "1-0"]
[WhiteElo "2528"]
[BlackElo "2359"]
[Annotator "TA"]
[PlyCount "87"]
[EventDate "2018.12.12"]
[EventType "swiss"]
[EventCountry "ISR"]
[SourceTitle "playchess.com"]
[Source "ChessBase"]
[SourceQuality "1"]

{[%evp 19,87,4,20,0,0,0,0,0,0,5,12,7,9,0,7,8,9,6,20,0,0,0,0,0,11,16,15,22,22,18,19,19,22,15,19,0,0,0,0,0,0,0,0,0,0,0,0,0,0,0,0,0,0,0,0,0,85,89,187,168,1122,1095,29972,29970,29992,29993,29993,29994,29998,29999]} 1. e4 e6 2. d4 d5 3. e5 c5 4. c3 Nc6 5. Nf3 Bd7 6. Be2 Nge7 7. Na3 cxd4 8. cxd4 Nf5 9. Nc2 Qb6 10. O-O Na5 {LiveBook: 88 Games} 11. Re1 {[%cal Bf1e1,Be1e3,Be3g3][%mdl 32] C02: French: Advance Variation} Bb5 12. Bxb5+ Qxb5 13. Ne3 {The position is equal.} Nxe3 14. Rxe3 Rc8 $146 ({Predecessor:} 14... Be7 15. Ne1 Rc8 16. Rh3 Nc6 17. Nc2 Nb4 18. Nxb4 Qxb4 {½-½ (36) Dvoirys,S (2553)-Yatsenko,A (2483) Satka 2008}) 15. Ne1 Nc6 {[%cal Ba5c6,Bc6e7,Be7f5][%mdl 32]} 16. Rg3 Ne7 17. Bg5 Nf5 18. Rc1 Rc4 19. Rb3 Qd7 20. Nf3 h6 21. Bf4 Be7 22. g4 Nh4 23. Nxh4 Bxh4 24. Rh3 Bd8 25. b3 Rxc1 26. Bxc1 Qc6 27. Ba3 Be7 28. Bxe7 Kxe7 $11 {[%mdl 4096] Endgame KQR-KQR} 29. g5 h5 30. Qd2 Rc8 $1 31. Qb4+ Kd7 32. Rxh5 g6 $1 {[%cal Rg6h5]} 33. Rh3 {White wants to play Kg2.} Qc1+ 34. Kg2 {[#] White threatens Qd6+ and mate.} Qxg5+ 35. Rg3 Qf4 36. Qxb7+ Kd8 37. h3 Rc7 (37... Rc2 $11 38. Qb8+ Rc8 39. Qxa7 Rc2 40. Qa8+ Ke7 41. Qb7+ (41. Rf3 Qg5+ 42. Kh2 Rc1 $16) 41... Kd8 42. Qb8+ Ke7 43. Qb4+ (43. Rf3 Qg5+ 44. Kh2 Rc1 $16) 43... Ke8) 38. Qb8+ $16 Kd7 {[#]} (38... Rc8 $16 39. Qxa7 Rc2 40. Qa5+ Kd7 41. Qa7+ Kd8) 39. Rf3 $1 $40 {[%cal Rf3f4][%mdl 128] White has strong attack.} Qe4 $2 (39... Qg5+ 40. Kh2 Qe7) 40. Kg3 f5 41. exf6 {[%cal Be5f6,Bf6f7][%mdl 32] White mates.} Qe1 42. f7 Qg1+ 43. Kh4 Kc6 44. Rc3+ {Accuracy: White = 71%, Black = 49%.} 1-0

[Event "ISR-ch Open 2018"]
[Site "Ma'alot-Tarshih"]
[Date "2018.12.13"]
[Round "2"]
[White "Rechlis, Gad"]
[Black "Mindlin, Alon"]
[Result "1/2-1/2"]
[WhiteElo "2521"]
[BlackElo "2472"]
[Annotator "TA"]
[PlyCount "86"]
[EventDate "2018.12.12"]
[EventType "swiss"]
[EventCountry "ISR"]
[SourceTitle "playchess.com"]
[Source "ChessBase"]
[SourceQuality "1"]

{[%evp 33,86,49,77,26,33,32,18,21,45,0,0,0,0,0,0,0,8,0,55,50,69,45,91,18,24,33,14,15,181,153,316,323,270,325,280,202,303,108,127,0,2,-123,-126,-123,-126,-116,-122,-167,84,27,27,27,27,27,27]} 1. e4 e5 2. Nf3 Nc6 3. Bb5 {[%cal Bf1b5,Bb5a4,Ba4b3][%mdl 32]} a6 4. Ba4 Nf6 5. O-O Be7 6. Re1 b5 7. Bb3 d6 8. c3 O-O 9. h3 Nb8 10. d4 Nbd7 11. Nbd2 Bb7 12. Bc2 Re8 13. Nf1 Bf8 14. Ng3 g6 15. a4 c6 {C95: Closed Ruy Lopez: Breyer Variation with 10 d4} (15... Bg7 16. Bd3 exd4 17. cxd4 c5 18. axb5 axb5 19. Rxa8 Bxa8 20. dxc5 Nxc5 21. Bxb5 Rf8 22. e5 dxe5 23. Qxd8 Rxd8 24. Nxe5 {½-½ (39) Hou,Y (2658)-Vitiugov,N (2734) Belokurikha 2018}) 16. Bg5 h6 17. Be3 Qc7 {LiveBook: 13 Games. White is slightly better.} 18. Nh2 (18. Qd2 $16) 18... Bg7 $11 19. Qd2 Kh7 20. f4 $146 ({Predecessor:} 20. b3 Rac8 21. Ng4 h5 22. Nxf6+ Nxf6 23. f4 exd4 24. Bxd4 {1-0 (38) Spiranec,N (1957)-Mican,K (1804) Mali Losinj 2017}) 20... exd4 21. Bxd4 c5 22. Bf2 Nb6 23. axb5 axb5 24. Rxa8 Bxa8 25. Nf3 b4 ({Black should try} 25... Bb7 $11) 26. cxb4 $14 cxb4 27. Nd4 (27. Rc1 $5 {[%cal Rc2a4]} Qb8 28. Qxb4 $16) 27... h5 28. Nf3 ({Much weaker is} 28. Qxb4 h4 $14) (28. f5 $16) 28... Nc4 $1 $11 {[%cal Rc4d2]} 29. Qc1 $36 {[%mdl 2048] White has some pressure.} Rc8 30. Bb3 d5 $2 {[#]} (30... Bh6 $11) 31. e5 $1 $18 {[%cal Re5f6]} Ne4 $2 (31... Ne8 $16) 32. Nxe4 dxe4 33. Ng5+ Kg8 34. Nxe4 Bh6 (34... Kh8 {is a better defense.} 35. Re2 Na5) 35. h4 $2 (35. e6 $18 {and White stays clearly on top.} fxe6 36. Qc2 Bxf4 37. Nc5) 35... Qc6 $16 36. Qd1 (36. Re2 $16) 36... Bxf4 $11 37. Qf3 (37. Qe2 $11 {remains equal.}) 37... Bxe5 $17 38. Ng5 Qxf3 39. gxf3 {[#] Black must now prevent Bxc4.} f6 $1 (39... Bxb2 40. Bxc4 Rxc4 41. Re8+ Kg7 42. Rxa8 $11) 40. f4 Bd5 $2 (40... fxg5 41. Rxe5 Kg7 42. Re7+ (42. Rxg5 Nd2 $15) 42... Kf6 43. Ra7 $11) (40... Bxf4 $19 41. Ne6 Be5) 41. Rd1 (41. fxe5 $16 fxg5 42. e6 (42. hxg5 Nb6 $11)) 41... fxg5 $11 {White has an edge.} 42. Rxd5 Bxb2 43. Rc5 Rxc5 {Accuracy: White = 34%, Black = 45%.} 1/2-1/2

[Event "ISR-ch Open 2018"]
[Site "Ma'alot-Tarshih"]
[Date "2018.12.13"]
[Round "2"]
[White "Greenfeld, Alon"]
[Black "Postny, Evgeny"]
[Result "1-0"]
[WhiteElo "2504"]
[BlackElo "2615"]
[Annotator "TA"]
[PlyCount "101"]
[EventDate "2018.12.12"]
[EventType "swiss"]
[EventCountry "ISR"]
[SourceTitle "playchess.com"]
[Source "ChessBase"]
[SourceQuality "1"]

{[%evp 24,101,38,50,21,50,39,28,28,28,36,34,54,67,88,33,73,56,103,94,107,117,114,66,66,66,65,65,65,65,78,74,73,73,114,114,109,66,114,114,114,111,109,99,109,109,109,109,147,109,114,112,161,142,236,169,281,260,452,412,686,653,864,860,1077,1039,1065,1076,1031,1005,973,931,6613,6617,6086,6079,5791,5197,5057,4631]} 1. c4 c6 2. Nf3 d5 3. d4 Nf6 4. Nc3 a6 5. a4 e6 6. g3 dxc4 7. Bg2 c5 8. O-O Nc6 {D15: Slav Defence: 4 Nc3 a6 and gambit lines after 4 Nc3 dxc4} 9. Ne5 Bd7 10. Nxd7 Qxd7 11. d5 exd5 12. Nxd5 Nxd5 13. Qxd5 {LiveBook: 7 Games} Qxd5 14. Bxd5 Rd8 15. Bxc6+ bxc6 16. Be3 {[#]} Rb8 $146 17. Rfc1 Rxb2 18. Rxc4 f5 19. Kf1 (19. Bxc5 $16 Rxe2 20. Be3) 19... Kf7 20. Rac1 Be7 21. Bxc5 Re8 22. Be3 Ra2 23. Rf4 g6 24. Rxc6 Bg5 25. Rc7+ Re7 26. Rxe7+ Kxe7 $14 {[%mdl 4096] Endgame KRB-KRB} 27. Bc5+ Ke6 28. Rd4 Be7 29. Bxe7 Kxe7 $16 {KR-KR} 30. Rb4 Kf7 31. g4 fxg4 32. Rxg4 a5 33. Rh4 h5 34. Re4 Kf6 35. h4 Ra3 36. Kg2 Rb3 37. e3 {[%cal Be2e3,Be3e4,Be4e5][%mdl 32]} Ra3 38. Kg3 Ra2 (38... Rc3 $16 39. Kf4 Rc1) 39. Rc4 $18 Kf7 (39... Ra1 $142 40. f3 Kg7) 40. f3 Ra3 $2 {[#]} (40... Kg7 {was necessary.} 41. e4 Kf6) 41. Kf4 Kf6 (41... Ra2 $142 42. e4 Rh2) 42. e4 {White is clearly winning.} Kf7 43. e5 Ra1 44. Rc7+ Ke6 45. Rc6+ Kf7 46. Rf6+ Kg7 47. Ra6 Rxa4+ 48. Kg5 Kf7 49. Rxg6 Ra3 50. Rf6+ Ke7 51. f4 {Accuracy: White = 84%, Black = 34%.} 1-0

[Event "ISR-ch Open 2018"]
[Site "Ma'alot-Tarshih"]
[Date "2018.12.13"]
[Round "2"]
[White "Kobo, Ori"]
[Black "Mikhalevski, Victor"]
[Result "0-1"]
[WhiteElo "2494"]
[BlackElo "2579"]
[Annotator "TA"]
[PlyCount "76"]
[EventDate "2018.12.12"]
[EventType "swiss"]
[EventCountry "ISR"]
[SourceTitle "playchess.com"]
[Source "ChessBase"]
[SourceQuality "1"]

{[%evp 18,76,17,24,42,0,0,-4,-2,-16,-13,-22,-14,-14,-11,-20,0,-34,-15,-25,-16,-22,-27,-61,-66,-158,-123,-117,-129,-96,-115,-135,-89,-161,-175,-170,-138,-361,-377,-347,-256,-367,-393,-400,-388,-473,-453,-441,-437,-412,-386,-386,-383,-384,-365,-412,-407,-652,-651,-637,-635]} 1. c4 g6 2. d4 Nf6 3. Nc3 d5 4. cxd5 Nxd5 5. e4 Nxc3 6. bxc3 Bg7 7. Bg5 {D85: Exchange Grünfeld: Unusual White 7th moves and lines with 7 Nf3} (7. Bc4 c5 8. Ne2 Nc6 9. Be3 O-O 10. O-O Bg4 11. f3 Bd7 12. Rb1 Qc7 13. h4 cxd4 14. cxd4 Nxd4 15. Bxf7+ Rxf7 16. Nxd4 Rd8 17. Qb3 Qg3 18. Ne2 Qxh4 19. Bf2 Qf6 20. Rfd1 b6 {½-½ (119) Karjakin,S (2773)-Vachier Lagrave,M (2779) Saint Louis 2018}) 7... c5 8. Rc1 Qa5 9. Qd2 e6 10. Nf3 {LiveBook: 3 Games} O-O 11. Be2 cxd4 12. cxd4 Qxd2+ 13. Kxd2 Nc6 {[#]} 14. e5 $146 ({Predecessor:} 14. Bb5 h6 {1-0 (52) Socko,B (2631)-Akesson,R (2441) Stockholm 2012}) 14... Bd7 {[%cal Bc8d7,Bd7c6,Bc6d5][%mdl 32]} 15. Rb1 h6 16. Bf6 Na5 17. h4 Rfc8 18. h5 g5 19. Rhc1 Bc6 20. Nh2 Bd5 21. Ke1 (21. Ra1 $15) 21... Bxa2 22. Rxc8+ Rxc8 23. Ra1 {[#]} Rc2 $1 24. Bd1 Rb2 {And now ...Bf8 would win.} 25. Rc1 {[#]} (25. Be7 $17 Bf8 26. Bxf8 Kxf8 27. Ng4) 25... Nc6 $1 $19 26. Ng4 Rb1 (26... Nxd4 27. Rc8+ Kh7 28. Bxg7 Re2+ 29. Bxe2 f5 30. exf6 Nf3+ 31. Bxf3 Bd5 32. Rh8#) 27. Rc3 $2 (27. Rxb1 $17 Bxb1 28. Bf3) 27... Bf8 {Threatens to win with ...Bb4.} ({Inferior is} 27... Nxd4 28. Rc8+ Kh7 29. Bxg7 Nc2+ 30. Kd2 Rxd1+ 31. Kxd1 Ne3+ 32. fxe3 f5 33. exf6 Bb3+ 34. Kd2 Bd5 35. Rh8#) 28. Kd2 Rb4 ({Avoid the trap} 28... Nxd4 $2 29. Rc8 $18) 29. Ke3 (29. Bf3 $142) 29... Bd5 30. g3 Rxd4 31. Be2 Rb4 32. f4 gxf4+ 33. gxf4 Rb3 34. Rxb3 Bxb3 35. Bh4 a5 36. Nf6+ Kh8 37. Nd7 (37. Bb5 $142 a4 38. Bxc6) 37... Bb4 38. Bf6+ Kg8 {Accuracy: White = 29%, Black = 78%.} 0-1

[Event "ISR-ch Open 2018"]
[Site "Ma'alot-Tarshih"]
[Date "2018.12.13"]
[Round "2"]
[White "Bakalchuk, Johnatan"]
[Black "Baron, Tal"]
[Result "1-0"]
[WhiteElo "2442"]
[BlackElo "2532"]
[Annotator "TA"]
[PlyCount "105"]
[EventDate "2018.12.12"]
[EventType "swiss"]
[EventCountry "ISR"]
[SourceTitle "playchess.com"]
[Source "ChessBase"]
[SourceQuality "1"]

{[%evp 12,105,17,14,55,54,70,16,70,62,68,78,116,112,108,95,87,87,108,98,225,225,249,248,267,158,132,120,131,131,139,135,259,255,255,233,238,220,237,189,183,155,146,127,208,204,195,220,217,172,174,180,178,173,277,268,280,164,164,158,152,148,147,141,882,602,631,346,355,357,327,337,337,333,375,375,379,373,381,377,427,420,666,722,724,718,723,727,601,570,768,750,750,743,661,647]} 1. c4 e5 2. g3 Nc6 3. Bg2 Bc5 4. Nc3 a6 5. e3 Ba7 6. Nge2 {A25: English Opening vs King's Indian with ...Nc6 but without early d3} d6 7. b3 {LiveBook: 40 Games} f5 $146 ({Predecessor:} 7... Nge7 8. Bb2 h5 9. h4 Bg4 10. d3 Qd7 11. Qd2 Rb8 12. Rc1 O-O 13. Ne4 {1-0 (51) Topalov,V (2749)-Grischuk,A (2761) Paris 2017}) 8. Bb2 {White is slightly better.} Nf6 9. Nd5 (9. d4 $14) 9... O-O (9... Nxd5 $1 $11 10. cxd5 Ne7) 10. O-O Bd7 11. d4 Be8 12. dxe5 dxe5 13. Ba3 Rf7 14. Qc2 e4 15. Rad1 Rd7 (15... Bd7 $16) 16. Nef4 $18 Nxd5 17. Rxd5 (17. Nxd5 Bh5 $14) (17. cxd5 Ne5 $16) 17... Qf6 {[#]} 18. Rxd7 ({White should play} 18. g4 $1 $18 {[%mdl 512]} fxg4 19. Bxe4 (19. Qxe4 Rad8 $18)) 18... Bxd7 $16 19. Nd5 Qf7 20. Nxc7 Rc8 21. Nd5 b5 (21... Re8 $16 {was called for.} 22. Qc3 h6) 22. Rd1 $18 {And now Ne7+! would win.} Be6 23. cxb5 axb5 {[#]} 24. Nf4 $1 {Black must now prevent Qxc6!} Bd7 25. Qd2 Be8 26. Bb2 Bb8 27. f3 Rd8 (27... Qa7 $16) 28. Qc1 Rxd1+ 29. Qxd1 Ba7 30. Qd2 ({Don't take} 30. fxe4 $6 Bxe3+ 31. Kh1 Bxf4 $16) 30... Qd7 {[#]} 31. Nd5 $1 exf3 32. Bxf3 h6 (32... b4 $142 33. Kg2 Bb8) 33. Qc3 Kh7 34. Kg2 (34. a3 $142) 34... b4 35. Qd3 Kh8 36. Kf2 Bc5 37. Nf4 Qa7 $2 {[%mdl 8192]} (37... Qxd3 $16 38. Nxd3 Bd6) 38. Ne6 Kg8 {and the idea ...Bf7 leaves Black hopeful.} 39. Nxc5 Qxc5 40. Qd5+ Qxd5 41. Bxd5+ {[%mdl 4096] Endgame KBB-KBN} Kf8 42. Ke2 Ne7 43. Bc4 Nc6 44. Kd3 g6 45. Bd5 Ne7 46. Bf3 Bc6 (46... Bf7 $142 47. Kd4 Ke8) 47. Bxc6 {White is clearly winning.} Nxc6 {KB-KN} 48. Kc4 Ke7 49. Kc5 Kd7 50. Bg7 h5 51. Bf6 Kc7 52. Bg5 Kd7 53. Bf4 {Accuracy: White = 77%, Black = 30%.} 1-0

[Event "ISR-ch Open 2018"]
[Site "Ma'alot-Tarshih"]
[Date "2018.12.13"]
[Round "2"]
[White "Drori, Saar"]
[Black "Zanan, Evgeny"]
[Result "0-1"]
[WhiteElo "2419"]
[BlackElo "2521"]
[Annotator "TA"]
[PlyCount "158"]
[EventDate "2018.12.12"]
[EventType "swiss"]
[EventCountry "ISR"]
[SourceTitle "playchess.com"]
[Source "ChessBase"]
[SourceQuality "1"]

{[%evp 15,158,35,35,-10,0,-22,-12,-15,-15,-16,-17,-26,-36,-43,-30,-41,-30,-31,-50,-60,-58,-64,0,-19,-28,-14,14,0,39,28,50,0,0,0,31,6,104,63,75,60,75,60,102,27,133,150,239,211,222,205,457,262,233,225,212,0,0,-165,-153,-300,-296,-269,-279,-363,-350,-339,-360,-346,-329,-339,-330,-464,-412,-477,-451,-468,-465,-436,-403,-407,-368,-400,-297,-540,-535,-541,-564,-575,-543,-29984,0,-160,0,-29981,-200,-243,-156,-153,0,0,0,0,0,0,0,0,0,0,0,0,0,0,0,0,0,0,0,0,0,0,0,-18,0,0,0,0,0,0,0,0,0,0,0,0,0,-327,-297,-1269,-1286,-29985,-29986,-29986,-29987,-29988,-29988]} 1. e4 c5 2. Nf3 d6 3. d4 cxd4 4. Nxd4 Nf6 5. Nc3 a6 6. Bg5 e6 7. f4 h6 8. Bh4 Qb6 {LiveBook: 415 Games} 9. Rb1 {B96: Sicilian Najdorf: 6 Bg5 e6 7 f4, lines other than 7...Qb6 and 7...Be7} (9. a3 Be7 10. Bf2 Qc7 11. Qf3 Nbd7 12. O-O-O b5 13. g4 Bb7 14. h4 Nc5 15. Bd3 h5 16. g5 Ng4 17. Rhg1 {½-½ (25) Grischuk,A (2766)-Vachier Lagrave,M (2779) Saint Louis 2018}) 9... Nbd7 10. Bf2 {White wants to play Nxe6!} Qc7 11. g3 {The position is equal.} b5 12. a3 $1 Bb7 13. Bg2 Be7 14. O-O O-O 15. g4 $146 ({Predecessor:} 15. Re1 Rfe8 16. Nb3 Rac8 {1-0 (30) Nagy,Z (2081)-Restas,P (2270) Hungary 2011}) 15... Nc5 {[%cal Rf6e4]} 16. Re1 e5 17. fxe5 dxe5 18. Nf5 Rfd8 19. Nd5 Nxd5 20. exd5 Bd6 21. Bg3 Re8 22. Qd2 Nd7 23. Kh1 Bf8 24. Rbd1 Qb6 25. c3 Nf6 (25... a5 $11 {remains equal.}) 26. g5 (26. Rxe5 Nxg4 27. Rxe8 Rxe8) 26... hxg5 27. Qxg5 {Strongly threatening Nh6+.} Nh7 {[%cal Bf6h7,Bh7g5,Bg5f3][%mdl 32]} 28. Qh4 $36 {[%mdl 2048] White fights for an advantage.} Bc8 29. Nd4 (29. Rf1 $1 $16 g5 30. Qe4) 29... Bd6 (29... Be7 $1 $11 30. Qe4 (30. Rxe5 Bxh4 31. Rxe8+ Nf8 $16) 30... exd4) 30. Nc6 $16 {[%cal Rg3e5]} f6 (30... Bb7 $16 {might work better.} 31. Bf2 (31. Nxe5 Nf6 $16) (31. Bxe5 Bxe5 32. Nxe5 Qd6 $16) 31... Qc7) 31. Be4 Ng5 32. Bg6 Bd7 $2 (32... Be6) 33. Bf2 (33. Qh5 $142 Bxc6 34. Bh4) 33... Bc5 $18 34. Bxc5 Qxc5 {[#]} 35. Bxe8 $2 ({Better is} 35. Nxe5 $1 $18 {[%mdl 512]} Re7 (35... Rxe5 36. Rxe5) 36. Nxd7 Rxd7 37. Rd3) 35... Rxe8 $11 36. Nb4 $2 ({Much worse is} 36. Nxe5 Rxe5 37. Rxe5 Nf3 $19) (36. Qg3 $11 {and White has nothing to worry.}) 36... Nf3 $19 {[%mdl 64] Double Attack} 37. Qg3 (37. Qe4 $17 Nxe1 38. Rxe1) 37... Nxe1 38. Qxe1 a5 39. Nc2 Bg4 {[%cal Rg4f3]} 40. Rd3 Bf5 41. Rd2 Bxc2 42. Rxc2 Qxd5+ {[%mdl 4096] Endgame KQR-KQR} 43. Kg1 (43. Rg2 $142) 43... e4 44. Rd2 Qc5+ 45. Rd4 e3 46. Qe2 Qg5+ 47. Kh1 Re5 48. a4 Qg6 49. axb5 $2 (49. Rg4 {was the only defense.} Qb1+ 50. Rg1) 49... Qb1+ 50. Kg2 Rg5+ 51. Kf3 {[#]} Rf5+ $1 52. Kg4 Rg5+ $2 (52... Rf2 53. Rd8+ Kh7 54. Qd3+ f5+ 55. Kh3 Qg1 56. Rh8+ {[%mdl 64] Decoy} Kxh8 57. Qd8+ Kh7 58. Qh4+ Kg6 59. Qg3+ Qxg3+ 60. Kxg3 Kh5 61. h4 f4+ 62. Kh3 e2 63. b6 e1=Q 64. c4 Qh1#) 53. Kf3 $17 Rf5+ $2 (53... Qh1+ $17 54. Kf4 Re5) 54. Kg4 $1 Re5 $2 (54... Rf2 {mates} 55. Qc4+ Kh7 56. Qd3+ f5+ 57. Kh5 Qg1 58. Qe2 Rxe2 59. h3 Qg6+ 60. Kh4 Rg2 61. Rf4 Qh6#) 55. Kg3 Qg1+ 56. Kh3 {[#] And now Qc4+ would win.} Qg6 $2 (56... Kf8 $1 $17 {Hoping for ...Qg6.} 57. b6 Qg6) 57. Qc4+ $11 Kh7 {( -> ...Qf5+)} 58. Rh4+ Rh5 59. Rxh5+ Qxh5+ {KQ-KQ} 60. Kg3 f5 61. Qf4 e2 62. Kf2 e1=Q+ {[%mdl 64] Decoy} 63. Kxe1 {aiming for c4.} Qe8+ {[%mdl 64] Double Attack} 64. Kd2 Qxb5 65. Qh4+ Kg6 66. Qg3+ Kf7 67. Qc7+ Ke6 68. Kc2 g5 69. Qc8+ Ke5 70. Qc7+ Ke4 71. c4 Qa4+ 72. Kc3 Qb4+ 73. Kc2 f4 74. Qh7+ Kf3 75. Qh3+ $2 {[%mdl 8192]} (75. Qd3+ $11 Kf2 76. Qd4+ Kg2 77. h4 gxh4 78. Qxf4) 75... Kf2 $19 76. b3 $2 (76. Qd3 a4 77. Qd4+ Kg2 78. Kd1) 76... a4 77. Qc3 Qxc3+ {Black mates.} 78. Kxc3 Ke3 79. c5 f3 {Accuracy: White = 41%, Black = 47%.} 0-1

[Event "ISR-ch Open 2018"]
[Site "Ma'alot-Tarshih"]
[Date "2018.12.13"]
[Round "2"]
[White "Galburd, Yan"]
[Black "Lukin, Elisha"]
[Result "1-0"]
[WhiteElo "2382"]
[BlackElo "2280"]
[Annotator "TA"]
[PlyCount "59"]
[EventDate "2018.12.12"]
[EventType "swiss"]
[EventCountry "ISR"]
[SourceTitle "playchess.com"]
[Source "ChessBase"]
[SourceQuality "1"]

{[%evp 24,59,35,31,42,33,83,42,73,25,29,23,137,100,101,102,103,99,91,92,115,122,116,106,137,128,370,304,478,345,345,343,337,335,1237,1225,29988,29989]} 1. d4 d5 2. c4 c6 3. cxd5 cxd5 4. Bf4 Nc6 {[%cal Bb8c6,Bc6a5,Ba5c4][%mdl 32]} 5. e3 Bf5 6. Nc3 Nf6 7. Qb3 Na5 8. Qa4+ Bd7 9. Qc2 Rc8 10. Bd3 e6 11. Nf3 b5 12. a3 Nc4 {D14: Slav Defence: Exchange variation with ...Bf5} (12... Be7 13. Qe2 a6 14. Ne5 O-O 15. O-O Qb6 16. a4 b4 17. Nb1 Ra8 18. Bg5 Be8 19. Nd2 h6 20. Bh4 {1-0 (57) Howell,D (2684)-Melkumyan,H (2613) Minsk 2017}) 13. O-O {LiveBook: 27 Games} Nh5 14. Be5 $146 ({Predecessor:} 14. Bg5 Be7 15. Bxe7 Qxe7 16. Rfc1 a6 17. Qe2 Nf6 18. Rc2 O-O 19. Nd2 e5 20. dxe5 Nxe5 {1-0 (60) Schloffer,J (1625)-Ussar,R (1768) Leitersdorf 2014}) 14... a5 {...b4 is the strong threat.White is slightly better.} 15. Qe2 f6 16. Bg3 (16. Ng5 $5 fxe5 17. Qxh5+ {[%mdl 64] Double Attack} g6 18. Bxg6+ hxg6 19. Qxg6+ Ke7 20. Qf7+ Kd6 21. dxe5+ Nxe5 22. Qf4 $14) 16... Nxg3 17. hxg3 f5 (17... b4 $11 {remains equal.} 18. axb4 Bxb4) 18. b3 $36 {[%mdl 2048] White is really pushing.} ({Much worse is} 18. Bxc4 $6 bxc4 19. g4 fxg4 $11) 18... Nxa3 19. Nxb5 Nxb5 20. Bxb5 {Hoping for Ne5.} Bd6 21. Bxd7+ Qxd7 22. Rxa5 O-O 23. Rfa1 Rb8 24. Ra7 {[%cal Ba5a7,Ba7c7,Bc7g7][%mdl 32]} Qc6 $2 (24... Qd8 $16) 25. Ng5 {White wants to mate with Qh5.} Bc7 (25... Rb7 {was worth a try.} 26. Nxe6 Rc8) 26. Qh5 {[%csl Gg5][%cal Rh5h7]} h6 27. Nxe6 $1 {[%mdl 64] Deflection} Qxe6 28. Rxc7 Rfc8 $2 {[#]} (28... Ra8 29. Rb1 Ra6) 29. Ra6 $1 $18 {[%mdl 512]} Qe8 {[#]} (29... Qxa6 30. Qf7+) 30. Rxg7+ $1 {[%mdl 512] Accuracy: White = 73%, Black = 14%.} 1-0

[Event "ISR-ch Open 2018"]
[Site "Ma'alot-Tarshih"]
[Date "2018.12.13"]
[Round "2"]
[White "Iliaguev, Nisim"]
[Black "Chernomordik, Pavel"]
[Result "1-0"]
[WhiteElo "2338"]
[BlackElo "2277"]
[Annotator "TA"]
[PlyCount "83"]
[EventDate "2018.12.12"]
[EventType "swiss"]
[EventCountry "ISR"]
[SourceTitle "playchess.com"]
[Source "ChessBase"]
[SourceQuality "1"]

{[%evp 10,83,37,34,54,27,38,45,60,33,49,16,37,33,41,41,88,79,81,79,106,60,64,57,276,295,288,252,277,266,520,344,708,483,485,498,499,498,497,493,491,491,470,483,506,495,481,379,385,374,377,367,517,480,513,511,842,841,937,945,849,548,564,564,1060,1052,29993,6219,5310,5118,952,888,783,779,779,771]} 1. d4 g6 2. g3 Bg7 3. Bg2 d6 4. e4 Nc6 5. Ne2 e5 6. c3 {LiveBook: 18 Games. B06: Modern Defence} Bg4 7. f3 Bd7 8. O-O {White is slightly better.} Qc8 9. f4 $146 ({Predecessor:} 9. Be3 Bh3 10. c4 Bxg2 11. Kxg2 Qd7 12. Nbc3 exd4 13. Nxd4 Nf6 {1-0 (36) Miles,A (2590)-Biyiasas,P (2450) Vancouver 1981}) 9... exd4 $1 10. Nxd4 Nge7 11. Be3 O-O 12. Nd2 f5 13. Qb3+ Kh8 14. Rae1 h6 15. e5 (15. Bf2 {seems wilder.} fxe4 16. Rxe4 a5 17. a4 Bxd4 18. cxd4 d5 19. Re2) 15... dxe5 16. fxe5 Nxe5 $2 {[#]} ({Black should play} 16... Nxd4 $1 $14 17. cxd4 c6) 17. Bxb7 $18 Ba4 18. Qxa4 Qxb7 19. Ne6 Nd3 $2 (19... Rfe8 20. Nxg7 Kxg7 21. Bxh6+ {[%mdl 64] Discovered Attack} Kxh6) 20. Re2 Nxb2 $2 {[#]} (20... f4) 21. Qd7 Rf7 22. Nxg7 Qd5 23. Qxd5 Nxd5 24. Bd4 ({Not} 24. Ne6 Nxe3 25. Rxe3 Re8 $18) 24... c5 25. Be5 Nd3 26. Nxf5+ Nxe5 27. Rxe5 Nxc3 28. Nd6 Rxf1+ 29. Kxf1 Rf8+ 30. Kg2 Rb8 (30... Nxa2 $142 31. Rxc5 a6) 31. N2c4 Nxa2 32. Rxc5 Nc1 (32... Nb4 $142 33. Rc7 Kg8) 33. Ne5 Rb2+ 34. Kh3 Ne2 35. Nxg6+ Kg7 36. Nf4 Ng1+ 37. Kg4 Rxh2 38. Nf5+ (38. Kf5 $142 Ne2 39. Ne6+ Kg8 40. Kg6 Nf4+ 41. Nxf4 Rc2 42. Rxc2 Kf8 43. Nd5 Kg8 44. Rc8#) 38... Kf6 {White is clearly winning.} 39. Rc6+ Kf7 40. Nxh6+ Ke7 41. Nf5+ Kd7 42. Rc1 {Accuracy: White = 67%, Black = 29%.} 1-0